000 00604nam a2200193 a 4500
005 20210223120719.0
008 991125s1953 mx 000 0 spa u
035 _aUPN01000005975
049 _aCG
050 4 _aE16
_bR6.2
100 1 _aRodrígues, José Honorio,
_d1913-
245 1 0 _aBrasil :
_bperíodo colonial /
_cJosé Honorio Rodrígues.
260 _aMéxico :
_bFournier,
_c1953.
300 _a175 p.
440 0 _aInstituto Panamericano de Geografía e Historia.
_pPublicación ;
_v155
651 4 _aAMERICA -
_xHISTORIOGRAFIA
_92663
651 4 _aBRASIL -
_xHISTORIOGRAFIA
_95470
905 _aLibro
999 _c5975
_d5975